Измерение Т20, Т21- И Т22-компонент анализирующей способности реакции γd - ррπI; Известия вузов. Физика; Т. 53, № 10/2 (приложение)

Bibliografiske detaljer
Parent link:Известия вузов. Физика/ Министерство общего и профессионального образования Российской Федерации ; Томский Госуниверситет.— , 1958-
Т. 53, № 10/2 (приложение).— 2010.— С. 25-28
Andre forfattere: Гаузштейн В. В. Вячеслав Валерьевич, Зеваков С. А., Лазаренко Б. А., Логинов А. Ю. Алексей Юрьевич, Мишнев С. И., Николенко Д. М., Осипов А. В. Александр Витальевич, Рачек И. А., Садыков Р. Ш., Сидоров А. А., Стибунов В. Н. Виктор Николаевич, Топорков Д. К., Шестаков Ю. В.
Summary:Представлены предварительные результаты измерения Т20-, Т21- и Т22-компонент тензорной анализирующей способности реакции эксклюзивного фотообразования π-мезонов на дейтронах в области энергий фотонов 300-900 МэВ. Эксперимент был выполнен с использованием внутренней тензорно-поляризованной газовой дейтериевой мишени накопителя электронов ВЭПП-3 и метода регистрации двух протонов на совпадениях. Полученные результаты сравнены с теоретич. предсказаниями
Sprog:russisk
Udgivet: 2010
Fag:
Format: MixedMaterials Book Chapter
KOHA link:https://koha.lib.tpu.ru/cgi-bin/koha/opac-detail.pl?biblionumber=507879

MARC

LEADER 00000naa2a2200000 4500
001 507879
005 20240115095110.0
035 |a (RuTPU)RU\TPU\prd\179620 
035 |a RU\TPU\prd\160367 
090 |a 507879 
100 |a 20130530a2010 k y0rusy50 ca 
101 0 |a rus 
102 |a RU 
200 1 |a Измерение Т20, Т21- И Т22-компонент анализирующей способности реакции γd - ррπI  |f В. В. Гаузштейн [и др.] 
330 |a Представлены предварительные результаты измерения Т20-, Т21- и Т22-компонент тензорной анализирующей способности реакции эксклюзивного фотообразования π-мезонов на дейтронах в области энергий фотонов 300-900 МэВ. Эксперимент был выполнен с использованием внутренней тензорно-поляризованной газовой дейтериевой мишени накопителя электронов ВЭПП-3 и метода регистрации двух протонов на совпадениях. Полученные результаты сравнены с теоретич. предсказаниями 
461 1 |0 (RuTPU)RU\TPU\prd\191  |t Известия вузов. Физика  |f Министерство общего и профессионального образования Российской Федерации ; Томский Госуниверситет  |d 1958- 
463 1 |0 (RuTPU)RU\TPU\prd\126661  |t Т. 53, № 10/2 (приложение)  |v С. 25-28   |d 2010 
610 1 |a труды учёных ТПУ 
701 1 |a Гаузштейн  |b В. В.  |c специалист в области ядерных технологий  |c научный сотрудник Томского политехнического университета, кандидат физико-математических наук  |f 1983-  |g Вячеслав Валерьевич  |3 (RuTPU)RU\TPU\pers\26564  |9 12253 
701 1 |a Зеваков  |b С. А. 
701 1 |a Лазаренко  |b Б. А. 
701 1 |a Логинов  |b А. Ю.  |c физик  |c научный сотрудник Томского политехнического университета, кандидат физико-математических наук  |f 1972-  |g Алексей Юрьевич  |3 (RuTPU)RU\TPU\pers\34938  |9 18256 
701 1 |a Мишнев  |b С. И. 
701 1 |a Николенко  |b Д. М. 
701 1 |a Осипов  |b А. В.  |c российский учёный в области ядерной техники  |c старший научный сотрудник Томского политехнического университета  |g Александр Витальевич  |3 (RuTPU)RU\TPU\pers\26562 
701 1 |a Рачек  |b И. А. 
701 1 |a Садыков  |b Р. Ш. 
701 1 |a Сидоров  |b А. А. 
701 1 |a Стибунов  |b В. Н.  |c российский физик-ядерщик  |c профессор Томского политехнического университета, доктор физико-математических наук  |f 1943-  |g Виктор Николаевич  |3 (RuTPU)RU\TPU\pers\22009 
701 1 |a Топорков  |b Д. К. 
701 1 |a Шестаков  |b Ю. В. 
801 1 |a RU  |b 63413507  |c 20121127 
801 2 |a RU  |b 63413507  |c 20150917  |g RCR 
942 |c BK